| 000 | 00636nam a22001937a 4500 | ||
|---|---|---|---|
| 003 | OSt | ||
| 005 | 20160818141139.0 | ||
| 008 | 160818b xxu||||| |||| 00| 0 eng d | ||
| 020 | _a0443041660 | ||
| 040 | _c040a | ||
| 082 |
_aWC 500 _bN5317 1988 |
||
| 245 |
_aNew antiviral strategies : _bproceedings of an international symposium, brocket hall, hertfordshire / _cS. R Norrby...[etal] |
||
| 260 |
_aEdinburgh _bChurchill Livingstone _c1988 |
||
| 300 |
_ax, 273p; _bill : _c15 cm. |
||
| 504 | _aIncludes bibliographical references | ||
| 650 |
_aAntiviral strategies _910771 |
||
| 700 |
_aNorrby, S. R...[etal] _910772 |
||
| 942 |
_2z _cO_SHELF |
||
| 999 |
_c5031 _d5031 |
||